Leadership in nursing practice : (Record no. 30120)
[ view plain ]
| 000 -LEADER | |
|---|---|
| fixed length control field | 02280cam a2200373 i 4500 |
| 001 - CONTROL NUMBER | |
| control field | 20008410 |
| 003 - CONTROL NUMBER IDENTIFIER | |
| control field | EG-ScBUE |
| 005 - DATE AND TIME OF LATEST TRANSACTION | |
| control field | 20230212033205.0 |
| 008 - FIXED-LENGTH DATA ELEMENTS--GENERAL INFORMATION | |
| fixed length control field | 170919t2019 maua f b 001 0 eng d |
| 020 ## - INTERNATIONAL STANDARD BOOK NUMBER | |
| International Standard Book Number | 9781284146530 |
| 035 ## - SYSTEM CONTROL NUMBER | |
| System control number | (DNLM)101713071 |
| 040 ## - CATALOGING SOURCE | |
| Original cataloging agency | DNLM/DLC |
| Language of cataloging | eng |
| Description conventions | rda |
| Transcribing agency | DLC |
| Modifying agency | DLC |
| -- | EG-ScBUE |
| 082 04 - DEWEY DECIMAL CLASSIFICATION NUMBER | |
| Classification number | 610.73068 |
| Edition number | 22 |
| Item number | LEA |
| 245 00 - TITLE STATEMENT | |
| Title | Leadership in nursing practice : |
| Remainder of title | changing the landscape of health care / |
| Statement of responsibility, etc | Dan Weberg, PhD., MHI, BSN, RN, Kaiser Permanente, The Ohio State University, [and three others] |
| 250 ## - EDITION STATEMENT | |
| Edition statement | Third edition. |
| 264 #1 - PUBLICATION, DISTRIBUTION, ETC. (IMPRINT) | |
| Place of publication, distribution, etc | Burlington, Massachusetts : |
| Name of publisher, distributor, etc | Jones & Bartlett Learning, |
| Date of publication, distribution, etc | [2019] |
| 264 #4 - PUBLICATION, DISTRIBUTION, ETC. (IMPRINT) | |
| Date of publication, distribution, etc | c2019. |
| 300 ## - PHYSICAL DESCRIPTION | |
| Extent | xxvi, 623 pages : |
| Other physical details | color illustrations ; |
| Dimensions | 23 cm |
| 336 ## - CONTENT TYPE | |
| Content type term | text |
| Source | rdacontent |
| Content type code | txt |
| 337 ## - MEDIA TYPE | |
| Media type term | unmediated |
| Source | rdamedia |
| Media type code | n |
| 338 ## - CARRIER TYPE | |
| Carrier type term | volume |
| Source | rdacarrier |
| Carrier type code | nc |
| 500 ## - GENERAL NOTE | |
| General note | Tim Porter-O'Grady's name appears first in previous edition. |
| 504 ## - BIBLIOGRAPHY, ETC. NOTE | |
| Bibliography, etc | Includes bibliographical references and index. |
| 505 0# - FORMATTED CONTENTS NOTE | |
| Formatted contents note | Change and innovation -- Becoming a professional nurse -- Person of the leader : the capacity to lead -- Conflict skills for clinical leaders -- Staffing, scheduling, and patient care assignments : models, components, and measures of effectiveness -- Principles of ethical decision making -- Leadership : the foundation of practice partnership -- Resources for healthcare excellence -- Navigating the care network : creating the context for professional practice -- Managing your career : a lifetime of opportunities and obligations -- Policy, legislation, licensing, and professional nurse roles -- Delegation and supervision : essential foundations for practice -- Overcoming the uneven table : negotiating the white waters of the profession -- Accountability and ownership : the centerpiece of professional practice -- Integrating learning : applying the practices of leadership. |
| 650 #7 - SUBJECT ADDED ENTRY--TOPICAL TERM | |
| Topical term or geographic name as entry element | Nurse Administrators. |
| Source of heading or term | BUEsh |
| 650 #7 - SUBJECT ADDED ENTRY--TOPICAL TERM | |
| Topical term or geographic name as entry element | Leadership. |
| Source of heading or term | BUEsh |
| 653 ## - INDEX TERM--UNCONTROLLED | |
| Resource For college | Nursing |
| Arrived date list | February2023 |
| 655 ## - INDEX TERM--GENRE/FORM | |
| Form subdivision | Reading book |
| 700 1# - ADDED ENTRY--PERSONAL NAME | |
| Personal name | Weberg, Daniel Robert, |
| Relator term | author. |
| 906 ## - LOCAL DATA ELEMENT F, LDF (RLIN) | |
| a | 7 |
| b | cbc |
| c | orignew |
| d | 1 |
| e | ecip |
| f | 20 |
| g | y-gencatlg |
| 942 ## - ADDED ENTRY ELEMENTS (KOHA) | |
| Source of classification or shelving scheme | Dewey Decimal Classification |
| Koha item type | Book - Borrowing |
| Withdrawn status | Lost status | Source of classification or shelving scheme | Damaged status | Not for loan | Collection code | Home library | Current library | Shelving location | Date acquired | Source of acquisition | Cost, normal purchase price | Serial Enumeration / chronology | Total Checkouts | Full call number | Barcode | Date last seen | Date checked out | Cost, replacement price | Price effective from | Koha item type |
|---|---|---|---|---|---|---|---|---|---|---|---|---|---|---|---|---|---|---|---|---|
| Dewey Decimal Classification | Baccah | Central Library | Central Library | First floor | 12/02/2023 | Purchase | 1848.00 | 37173 | 1 | 610.73068 LEA | 000044748 | 15/07/2025 | 16/03/2024 | 2310.00 | 12/02/2023 | Book - Borrowing |